| 000 | 00426cam a2200169ua 4500 | ||
|---|---|---|---|
| 041 |
_aeng _h |
||
| 082 |
_a515.35 _bLEV/NU |
||
| 100 | _aLevy, H . | ||
| 245 |
_aNumerical solutions of differential equations / _cH Levy. _hTextual Documents |
||
| 250 |
_a1 / _b. |
||
| 260 |
_aNew York : _bDover Publications , _c1950. |
||
| 300 | _a238 ; . | ||
| 504 | _a | ||
| 700 | 1 | _aBaggott, E A . | |
| 942 | _cBK | ||
| 999 |
_c9041 _d9041 |
||